000
00331nam a2200133Ia 4500
008
240624s9999 xx 000 0 und d
041
_a
eng
082
_a
004.3 SIM
100
_a
SIMON DAVID E
245
_a
EMBEDDED SOFTWARE PRIMER
260
_c
2004
_a
New Delhi
_b
Pearson Education
300
_a
xix, : 424 : cm. ; 24
365
_c
RS
999
_c
2139
_d
2139